| 000 | 00971nam a2200301Ia 4500 | ||
|---|---|---|---|
| 001 | Z_4621 | ||
| 003 | CHAP | ||
| 008 | 220113s1992 xx 000 0 und d | ||
| 010 | _a167696 | ||
| 040 | _cCHAP | ||
| 090 | _aTesis S 770 | ||
| 100 |
_aSalas Salas, Juan Crisostomo _9101328 |
||
| 245 |
_aEfecto de la quema y la fertilización nitrógenada en la producción y calidad de semilla del pasto navajita / _cpor Juan Crisostomo Salas Salas y Humberto Hernández Reyes |
||
| 260 |
_aChapingo, Méx. : _bEl autor, _c1992 |
||
| 300 | _a67 h. | ||
| 502 | _aTesis (Ing. Agr. Esp. en Zootecnia) -- UACH. Departamento de Zootecnia | ||
| 650 |
_aBouteloua gracilis _914797 |
||
| 650 |
_aNitrógeno _xEfecto en pastos _981455 |
||
| 650 |
_aPastos _xSemilla _986077 |
||
| 650 |
_aQuema de tierras _9138562 |
||
| 700 |
_aHernández Reyes, Humberto _954522 |
||
| 901 | _aTESIS S 770 | ||
| 902 | _aM | ||
| 910 | _a1992 | ||
| 942 | _c2 | ||
| 942 | _c2 | ||
| 999 |
_c167696 _d167696 |
||